| 000 | 00652nam a22002297a 4500 | ||
|---|---|---|---|
| 005 | 20170124110105.0 | ||
| 010 | _a183249 | ||
| 020 | _c00.00 | ||
| 035 | _a183249 | ||
| 037 | _bCen Lib/Ret | ||
| 040 |
_aDPL _bEN |
||
| 082 |
_a921 _bSAN |
||
| 100 |
_aSanderson, Stewart _927966 |
||
| 245 |
_aHemingway / _cby Stewart Sanderson |
||
| 260 |
_aEdinburgh _bOliver and Boyd _c1961 |
||
| 270 |
_bEdinburgh _aTweeddale Court |
||
| 300 |
_a120p. _c18cm(Hb) |
||
| 500 | _aIncludes bibliographical references | ||
| 650 |
_aAuthors, American _927967 |
||
| 650 |
_aHemingway, Ernest, -- 1899-1961 _927968 |
||
| 942 |
_2ddc _cEN _h921 _mSAN |
||
| 999 |
_c129973 _d129973 |
||